| 000 | 00762cam a22002413a 4500 | ||
|---|---|---|---|
| 001 | 15672 | ||
| 003 | PGUSA | ||
| 005 | 20140828083332.0 | ||
| 008 | 050420s2005||||xxu|||||s|||||000 | eng d | ||
| 040 |
_aPGUSA _beng |
||
| 042 | _adc | ||
| 050 | 4 | _aPM | |
| 100 | 1 |
_aGibbs, George, _d1815-1873 |
|
| 245 | 1 | 0 |
_aDictionary of the Chinook Jargon, or, Trade Language of Oregon _h[electronic resource] / _cGeorge Gibbs |
| 260 |
_bProject Gutenberg, _c2005 |
||
| 500 | _aSeries: Shea's Library of American Linguistics, XII | ||
| 506 | _aPublic domain in the USA. | ||
| 516 | _aElectronic text | ||
| 653 | _aChinook jargon -- Glossaries, vocabularies, etc. | ||
| 830 | 0 |
_aProject Gutenberg _v15672 |
|
| 856 | 4 | 0 | _uhttp://www.gutenberg.org/ebooks/15672 |
| 942 | _cEB | ||
| 999 |
_c244927 _d244927 |
||